| 000 | 00000nas 2200000za 4500 |
| 001 | 9.821476 |
| 003 | CaOODSP |
| 005 | 20240903095810 |
| 007 | cr ||||||||||| |
| 008 | 160721c20149999onc x m o f0###b0fre|d |
| 040 | |aCaOODSP|bfre |
| 043 | |an-cn--- |
| 086 | 1 |aM103-3F-PDF |
| 245 | 00|aDossier public (Géomatique Canada) |h[ressource électronique]. |
| 260 | |a[Ottawa] : |bRessources naturelles Canada, |c2014- |
| 310 | |aIrrégulier |
| 362 | 0 |aNo. 1- |
| 500 | |aPubli. aussi en anglais sous le titre : Open file (Geomatics Canada). |
| 692 | 07|2gccst|aGéomatique |
| 710 | 1 |aCanada. |bRessources naturelles Canada. |
| 710 | 2 |aGéomatique Canada. |
| 775 | 08|tOpen file (Geomatics Canada) |w(CaOODSP)9.821474 |